[Event "Copenhagen Chess Challenge 2005"]
[Site "Taastrup"]
[Date "2005.??.??"]
[Round "9"]
[White "Bromann, Thorbjorn"]
[Black "Korolev, Nikolaj"]
[Result "1-0"]
[WhiteElo "2369"]
[BlackElo "2100"]
[PlyCount "59"]
[EventDate "2005.??.??"]
[EventType "swiss"]
[EventRounds "9"]
[EventCountry "DEN"]

1. d4 Nf6 2. Nc3 d5 3. Bg5 Nbd7 4. Nf3 h6 5. Bh4 c6 6. e3 g6 7. Bd3 Bg7 8. Qd2
O-O 9. Ne5 Nxe5 10. dxe5 Ng4 11. f4 Qb6 12. Nd1 d4 13. exd4 Qxd4 14. Bg3 h5 15.
h3 Nh6 16. Bf2 Qd8 17. Ne3 Be6 18. O-O-O Qc8 19. g4 hxg4 20. hxg4 Nxg4 21. f5
Nxe5 22. fxe6 Qxe6 23. Kb1 Rad8 24. Bg3 Nxd3 25. cxd3 Rd4 26. Nc2 Ra4 27. b3
Rg4 28. Rde1 Qf5 29. Ne3 Qg5 30. Qh2 1-0

[Event "Copenhagen Chess Challenge 2005"]
[Site "Taastrup"]
[Date "2005.??.??"]
[Round "9"]
[White "De Firmian, Nick E"]
[Black "Tikkanen, Hans"]
[Result "1-0"]
[WhiteElo "2549"]
[BlackElo "2342"]
[PlyCount "81"]
[EventDate "2005.??.??"]
[EventType "swiss"]
[EventRounds "9"]
[EventCountry "DEN"]

1. e4 g6 2. d4 Bg7 3. Nc3 d6 4. f4 a6 5. Nf3 b5 6. Bd3 Nd7 7. e5 c5 8. Be4 Rb8
9. Be3 b4 10. Ne2 Nh6 11. h3 Qc7 12. O-O Nb6 13. dxc5 dxc5 14. Ng3 O-O 15. Qe2
f5 16. exf6 exf6 17. Rad1 Be6 18. Qf2 f5 19. Ng5 Bxa2 20. b3 Rfe8 21. Bf3 Rbc8
22. Kh1 Nf7 23. Nxf7 Kxf7 24. Ra1 Qe7 25. Nxf5 gxf5 26. Bh5+ Kf8 27. Bxe8 Bxa1
28. Rxa1 Kxe8 29. Rxa2 Nd5 30. Bc1 Rc6 31. Bb2 Nc3 32. Bxc3 bxc3 33. Ra1 Re6
34. Rd1 Kf7 35. Rd5 Re2 36. Qf3 Qe4 37. Qh5+ Ke6 38. Re5+ Qxe5 39. fxe5 Rxc2
40. Qe8+ Kd5 41. e6 1-0

[Event "Copenhagen Chess Challenge 2005"]
[Site "Taastrup"]
[Date "2005.??.??"]
[Round "9"]
[White "Glud, Jakob Vang"]
[Black "Hoi, Carsten"]
[Result "0-1"]
[WhiteElo "2319"]
[BlackElo "2387"]
[PlyCount "78"]
[EventDate "2005.??.??"]
[EventType "swiss"]
[EventRounds "9"]
[EventCountry "DEN"]

1. c4 g6 2. g3 Bg7 3. Bg2 Nf6 4. Nc3 O-O 5. e4 d6 6. Nge2 e5 7. O-O Nc6 8. d3
Bd7 9. f3 a6 10. Be3 Rb8 11. Qd2 Ne8 12. b3 Nd4 13. b4 c6 14. Bg5 f6 15. Be3 f5
16. Bg5 Bf6 17. Bh6 Nxe2+ 18. Nxe2 Ng7 19. Rac1 Qe7 20. Kh1 Rfe8 21. Rfe1 g5
22. f4 gxf4 23. gxf4 Nh5 24. fxe5 Bxe5 25. d4 Bg7 26. Bf3 fxe4 27. Bxh5 e3 28.
Qd3 Bxh6 29. Rg1+ Kh8 30. Bxe8 Rxe8 31. Rcf1 b5 32. cxb5 axb5 33. Rg3 Be6 34.
Kg1 Bc4 35. Qc2 Ra8 36. Ra1 Rf8 37. Nc3 e2 38. Nxe2 Be3+ 39. Kg2 Rf2+ 0-1

[Event "Copenhagen Chess Challenge 2005"]
[Site "Taastrup"]
[Date "2005.??.??"]
[Round "9"]
[White "Hansen, Alexei"]
[Black "Dyrgaard, Kristoffer"]
[Result "1/2-1/2"]
[WhiteElo "2000"]
[BlackElo "2118"]
[PlyCount "207"]
[EventDate "2005.??.??"]
[EventType "swiss"]
[EventRounds "9"]
[EventCountry "DEN"]

1. e4 c5 2. Nf3 Nc6 3. d4 cxd4 4. Nxd4 Nf6 5. Nc3 e5 6. Ndb5 d6 7. Bg5 a6 8.
Na3 b5 9. Bxf6 gxf6 10. Nd5 f5 11. c3 Bg7 12. exf5 Bxf5 13. Nc2 O-O 14. Nce3
Be6 15. Bd3 f5 16. O-O Ne7 17. Nxe7+ Qxe7 18. Bxf5 Kh8 19. Be4 Rad8 20. Qh5 Bf6
21. Nd5 Qg7 22. Qe2 Rg8 23. Qd3 Bg5 24. a4 Bh6 25. axb5 axb5 26. Ra5 Bf5 27. g3
Bxe4 28. Qxe4 Rb8 29. Rfa1 Qg6 30. Qxg6 hxg6 31. Ra6 Bf8 32. Kf1 Rg7 33. Ke2
Rf7 34. Ra8 Rbb7 35. Re8 Kg7 36. Raa8 b4 37. c4 b3 38. h4 Rf5 39. g4 Rff7 40.
h5 gxh5 41. gxh5 Be7 42. Ra1 Bh4 43. Rg1+ Kh7 44. Rg2 Ra7 45. Nc3 Rac7 46. Re6
Rxc4 47. Rxd6 Rcf4 48. Nd1 Rc4 49. Rd3 Rc2+ 50. Ke1 Rb7 51. h6 Rc6 52. Rg7+
Rxg7 53. hxg7 Kxg7 54. Rxb3 Kf7 55. Nc3 Ke6 56. Ke2 Bg5 57. Rb8 Be7 58. Rh8 Kf5
59. Nd5 Bg5 60. Ne3+ Bxe3 61. Kxe3 Rb6 62. Rh5+ Kg6 63. Rxe5 Rxb2 64. Kf3 Kf6
65. Ra5 Rb4 66. Kg3 Kg6 67. f4 Rb6 68. Kg4 Kf6 69. Rh5 Kg6 70. Rh2 Ra6 71. f5+
Kg7 72. Kg5 Rb6 73. Rc2 Ra6 74. Rb2 Kf7 75. Re2 Rb6 76. Rc2 Ra6 77. Rc5 Kg7 78.
Rb5 Rc6 79. Ra5 Rb6 80. Re5 Ra6 81. Re7+ Kf8 82. Re5 Kg7 83. Re6 Ra7 84. Rg6+
Kf7 85. Rh6 Ra5 86. Rh7+ Kg8 87. Rb7 Ra6 88. Re7 Kf8 89. Rb7 Rc6 90. Rh7 Kg8
91. Re7 Kf8 92. Re4 Kf7 93. Re5 Ra6 94. Rb5 Kg7 95. Rd5 Rb6 96. Rd3 Ra6 97. Rd8
Rb6 98. Rd7+ Kf8 99. Rh7 Kg8 100. Re7 Kf8 101. Re5 Kf7 102. f6 Rxf6 103. Rf5
Rxf5+ 104. Kxf5 1/2-1/2

[Event "Copenhagen Chess Challenge 2005"]
[Site "Taastrup"]
[Date "2005.??.??"]
[Round "9"]
[White "Mikkelsen, Nikolaj"]
[Black "Skovgaard, Peter Nicolai"]
[Result "1-0"]
[WhiteElo "2220"]
[BlackElo "2174"]
[PlyCount "55"]
[EventDate "2005.??.??"]
[EventType "swiss"]
[EventRounds "9"]
[EventCountry "DEN"]

1. e4 c5 2. Nf3 d6 3. d4 cxd4 4. Nxd4 Nf6 5. Nc3 g6 6. Be3 Bg7 7. f3 a6 8. Qd2
Nbd7 9. O-O-O b5 10. Nc6 Qc7 11. Nb4 Bb7 12. Bd4 O-O 13. h4 Nb6 14. g4 Nc4 15.
Qe1 Rfc8 16. g5 Qa5 17. Bxc4 bxc4 18. gxf6 Bh6+ 19. Kb1 Qxb4 20. fxe7 Rcb8 21.
a3 Qa5 22. Nd5 Qxe1 23. Nf6+ Kh8 24. e8=Q+ Rxe8 25. Nxe8+ f6 26. Rhxe1 Rxe8 27.
Bxf6+ Kg8 28. Rxd6 1-0

[Event "Copenhagen Chess Challenge 2005"]
[Site "Taastrup"]
[Date "2005.??.??"]
[Round "9"]
[White "Moller, Frederik Oest"]
[Black "Smith, Axel"]
[Result "0-1"]
[WhiteElo "1824"]
[BlackElo "2139"]
[PlyCount "58"]
[EventDate "2005.??.??"]
[EventType "swiss"]
[EventRounds "9"]
[EventCountry "DEN"]

1. e4 e6 2. d4 d5 3. Nc3 Bb4 4. e5 c5 5. a3 cxd4 6. axb4 dxc3 7. Nf3 Nd7 8. Bd3
Qc7 9. O-O Nxe5 10. Bf4 f6 11. Nxe5 fxe5 12. Qh5+ Qf7 13. Bb5+ Kf8 14. Qxe5
cxb2 15. Ra3 Nf6 16. Rf3 Qe7 17. Qxb2 Kf7 18. Be5 Rf8 19. Qd4 Kg8 20. Qh4 Rf7
21. Rh3 h6 22. f4 Qxb4 23. Bd3 Ne4 24. Kh1 Bd7 25. Qg4 Qe1 26. Bd4 Qb4 27. Be5
Bb5 28. Re3 Bxd3 29. Rxd3 Nf2+ 0-1

[Event "Copenhagen Chess Challenge 2005"]
[Site "Taastrup"]
[Date "2005.??.??"]
[Round "9"]
[White "Pallesen, Jacob"]
[Black "Frank Nielsen, Marie"]
[Result "1/2-1/2"]
[WhiteElo "2056"]
[BlackElo "1882"]
[PlyCount "64"]
[EventDate "2005.??.??"]
[EventType "swiss"]
[EventRounds "9"]
[EventCountry "DEN"]

1. e4 d6 2. d4 Nf6 3. Nc3 Nbd7 4. Nf3 e5 5. Bc4 Be7 6. Bg5 O-O 7. h3 c6 8. a3
b5 9. Ba2 Qc7 10. O-O a5 11. b4 h6 12. Bd2 axb4 13. axb4 Bb7 14. Qc1 Nh7 15.
Qb2 exd4 16. Nxd4 Bf6 17. Be3 Nb6 18. Bb3 Na4 19. Bxa4 bxa4 20. Rxa4 Rxa4 21.
Nxa4 c5 22. Nb5 Qb8 23. Nbc3 Bxe4 24. Qb3 Ba8 25. bxc5 Qc8 26. Nb6 Qc6 27. Nxa8
Rxa8 28. Qd5 Qc8 29. Ne4 dxc5 30. Qxc5 Qxc5 31. Bxc5 Rc8 32. c3 Bxc3 1/2-1/2

[Event "Copenhagen Chess Challenge 2005"]
[Site "Taastrup"]
[Date "2005.??.??"]
[Round "9"]
[White "Skjoldan, Benjamin"]
[Black "Olsson, Linus"]
[Result "0-1"]
[WhiteElo "2114"]
[BlackElo "2319"]
[PlyCount "34"]
[EventDate "2005.??.??"]
[EventType "swiss"]
[EventRounds "9"]
[EventCountry "DEN"]

1. d4 Nf6 2. c4 e5 3. dxe5 Ne4 4. a3 d6 5. exd6 Bxd6 6. Nf3 Nxf2 7. Qd4 Nxh1 8.
Qxg7 Rf8 9. Bh6 Be6 10. e4 Nd7 11. Nc3 Qe7 12. Qxh7 O-O-O 13. Bxf8 Nxf8 14. Qh6
Ng6 15. Be2 Kb8 16. Kf1 Rh8 17. Qg7 Ng3+ 0-1

[Event "Copenhagen Chess Challenge 2005"]
[Site "Taastrup"]
[Date "2005.??.??"]
[Round "9"]
[White "Skovgaard, Tom"]
[Black "Nilsson, Sebastian"]
[Result "0-1"]
[WhiteElo "2079"]
[BlackElo "2224"]
[PlyCount "102"]
[EventDate "2005.??.??"]
[EventType "swiss"]
[EventRounds "9"]
[EventCountry "DEN"]

1. e4 e6 2. d4 d5 3. Nd2 Be7 4. Ngf3 Nf6 5. Bd3 c5 6. c3 Nc6 7. O-O cxd4 8.
cxd4 dxe4 9. Nxe4 O-O 10. a3 Nxd4 11. Neg5 Nc6 12. Qe2 Qc7 13. Re1 b6 14. Bd2
Bb7 15. Bc3 g6 16. Rac1 Rad8 17. Bc4 Qd6 18. Nxf7 Rxf7 19. Ng5 Bc8 20. Rcd1 Nd5
21. Nxf7 Kxf7 22. Qf3+ Kg8 23. Qe4 Nxc3 24. Rxd6 Nxe4 25. Rxd8+ Bxd8 26. Rxe4
Kf7 27. h4 Bf6 28. b4 Nd4 29. a4 Bb7 30. Re3 h5 31. Rd3 Be4 32. Re3 Bc2 33. a5
Bxh4 34. axb6 axb6 35. Rc3 Be7 36. b5 Ba4 37. Re3 Kf6 38. Re4 Bc5 39. Bxe6 Bxb5
40. Ba2 Bc6 41. Rf4+ Ke5 42. Rf7 b5 43. Rg7 Be4 44. Kh2 b4 45. f3 Bc2 46. f4+
Kxf4 47. Rc7 Bd6 48. g3+ Ke3 49. Rd7 Be5 50. Rd5 Nf3+ 51. Kg2 b3 0-1